सूर जुळताना (Record no. 31871)

MARC details
000 -LEADER
fixed length control field 00402nam a2200157Ia 4500
008 - FIXED-LENGTH DATA ELEMENTS--GENERAL INFORMATION
fixed length control field 220531s9999 xx 000 0 und d
041 ## - LANGUAGE CODE
Language code of text/sound track or separate title mar
100 ## - MAIN ENTRY--PERSONAL NAME
Personal name कुलकर्णी वंदना
9 (RLIN) 55137
245 ## - TITLE STATEMENT
Title सूर जुळताना
260 ## - PUBLICATION, DISTRIBUTION, ETC. (IMPRINT)
Name of publisher, distributor, etc. Unmesh
Date of publication, distribution, etc. 2008
300 ## - PHYSICAL DESCRIPTION
Extent 199
542 ## - INFORMATION RELATING TO COPYRIGHT STATUS
Copyright holder 09-09-2009
650 ## - SUBJECT ADDED ENTRY--TOPICAL TERM
Topical term or geographic name as entry element General
9 (RLIN) 55138
906 ## - LOCAL DATA ELEMENT F, LDF (RLIN)
d 2009-2010
Holdings
Withdrawn status Lost status Source of classification or shelving scheme Damaged status Not for loan Home library Current library Date acquired Cost, normal purchase price Total Checkouts Total Holds Full call number Barcode Date last seen Bill Date Koha item type Original Barcode
    Dewey Decimal Classification     Shri Siddhivinayak Mahila Mahavidyalaya Shri Siddhivinayak Mahila Mahavidyalaya 09/09/2009 150.00   1 /-/B/12870 SSMM-BK-12870 06/08/2022 06/08/2022 Books 010012870